[Event "48th Continental Open"]
[Site "Sturbridge, MA"]
[Date "2018.08.16"]
[Round "2.1"]
[White "Baryshpolets, Andrey"]
[Black "Botta, Alejandro"]
[Result "1-0"]
[WhiteElo "2609"]
[BlackElo "2156"]
[PlyCount "81"]
[EventDate "2018.08.??"]
[EventType "swiss"]
[EventRounds "9"]
[EventCountry "USA"]

1. e4 e6 2. d4 d5 3. Nd2 Nf6 4. e5 Nfd7 5. Bd3 c5 6. c3 Nc6 7. Ne2 cxd4 8. cxd4
f6 9. exf6 Nxf6 10. O-O Bd6 11. Nf3 Qc7 12. Nc3 a6 13. Bg5 O-O 14. Bh4 Nh5 15.
Re1 g6 16. Bg3 Nxg3 17. hxg3 Qg7 18. Bc2 Bd7 19. Qd2 Rf6 20. Rad1 Raf8 21. Re2
Bc7 22. Na4 Ba5 23. Qe3 b5 24. Nc5 Bb6 25. Nh2 Bxc5 26. dxc5 d4 27. Qb3 Kh8 28.
Be4 e5 29. Nf3 Be6 30. Qa3 Bc4 31. Ree1 b4 32. Qa4 Bb5 33. Qb3 a5 34. Bxc6 a4
35. Qxb4 Bxc6 36. Nxe5 Bxg2 37. Kxg2 Rxf2+ 38. Kg1 Qh6 39. Ng4 Qh3 40. Qxd4+
R2f6 41. Rd3 1-0

[Event "48th Continental Open"]
[Site "Sturbridge, MA"]
[Date "2018.08.16"]
[Round "2.2"]
[White "Isakov, Michael"]
[Black "Vorontsov, Pavlo"]
[Result "0-1"]
[WhiteElo "2163"]
[BlackElo "2578"]
[PlyCount "146"]
[EventDate "2018.08.??"]
[EventType "swiss"]
[EventRounds "9"]
[EventCountry "USA"]

1. d4 e6 2. c4 b6 3. Nf3 Bb7 4. Nc3 Bb4 5. Qb3 a5 6. e3 Nf6 7. Be2 O-O 8. O-O
d5 9. Rd1 Nbd7 10. Bd2 dxc4 11. Bxc4 Qe7 12. Rac1 Bd6 13. Nb5 Ne4 14. Nxd6 cxd6
15. Bb5 Bd5 16. Qa4 Ndf6 17. Bc6 Rac8 18. Qb5 Bxc6 19. Rxc6 Rxc6 20. Qxc6 Nd5
21. Be1 f5 22. Nd2 Qg5 23. Nf1 h6 24. Rd3 f4 25. exf4 Qg6 26. Ng3 Nxf4 27. Re3
Nxg3 28. hxg3 Nd5 29. Re2 Rd8 30. Bc3 Qe8 31. Qxe8+ Rxe8 32. Kf1 Kf7 33. Ke1 a4
34. Kd2 b5 35. a3 g5 36. Kd3 h5 37. Bd2 Kf6 38. Re1 Rc8 39. Rh1 Kg6 40. Re1 Kf6
41. Rh1 Rh8 42. Ke4 Nb6 43. Bc3 d5+ 44. Kd3 Nc4 45. Ke2 Kf5 46. Kf3 Kg6 47. Ke2
Rh7 48. Rh3 Rf7 49. Rh1 Nd6 50. Bb4 Ne4 51. Be1 Rc7 52. f3 Nd6 53. Bc3 Nf5 54.
Kf2 Rc4 55. Rd1 g4 56. Rd2 Kf6 57. Rd1 Kg6 58. Rd2 Kf7 59. Rd3 Ke8 60. Rd1 Ke7
61. Rd2 Kd7 62. Rd1 b4 63. Bxb4 Rc2+ 64. Rd2 Rxd2+ 65. Bxd2 Nxd4 66. Ke3 e5 67.
Bc3 Nf5+ 68. Kf2 Ke6 69. Bd2 d4 70. Bg5 Kd5 71. Ke2 Nxg3+ 72. Kd3 gxf3 73. gxf3
Nf5 0-1

[Event "48th Continental Open"]
[Site "Sturbridge, MA"]
[Date "2018.08.16"]
[Round "2.3"]
[White "Barbosa, Oliver"]
[Black "Shanmugasundaram, Coimbatore"]
[Result "1-0"]
[WhiteElo "2545"]
[BlackElo "2147"]
[PlyCount "99"]
[EventDate "2018.08.??"]
[EventType "swiss"]
[EventRounds "9"]
[EventCountry "USA"]

1. d4 Nf6 2. Bg5 g6 3. Bxf6 exf6 4. e3 Bg7 5. g3 d5 6. Bg2 O-O 7. Nd2 c6 8. Ne2
Nd7 9. c4 dxc4 10. Nxc4 Nb6 11. Nd2 f5 12. O-O Be6 13. Nf4 Bd5 14. Nxd5 Nxd5
15. Qb3 Qd7 16. Rac1 Rfe8 17. Nc4 Rab8 18. Rc2 Nf6 19. Ne5 Qe6 20. Qa4 Ne4 21.
Nd3 a6 22. b4 g5 23. Rb1 h5 24. Qb3 Qxb3 25. Rxb3 Rbd8 26. a4 Nd6 27. Rc5 Bf6
28. Kf1 Kg7 29. Rc1 h4 30. Nc5 hxg3 31. hxg3 f4 32. g4 Re7 33. Rd3 fxe3 34.
fxe3 Rde8 35. Re1 Nc4 36. e4 Nb2 37. Rd2 Nc4 38. Rc2 Nb6 39. e5 Kg8 40. Nxb7
Rxb7 41. Bxc6 Rc7 42. exf6 Re6 43. Rxe6 fxe6 44. Rc5 Kf8 45. Ke2 Nd7 46. Bxd7
Rxd7 47. Kd3 Kf7 48. Kc4 Kxf6 49. Rc6 a5 50. bxa5 1-0

[Event "48th Continental Open"]
[Site "Sturbridge, MA"]
[Date "2018.08.16"]
[Round "2.4"]
[White "Samadashvili, Martha"]
[Black "Corrales Jimenez, Fidel"]
[Result "0-1"]
[WhiteElo "2136"]
[BlackElo "2542"]
[PlyCount "120"]
[EventDate "2018.08.??"]
[EventType "swiss"]
[EventRounds "9"]
[EventCountry "USA"]

1. e4 c5 2. Nf3 d6 3. Bb5+ Nd7 4. O-O a6 5. Bxd7+ Bxd7 6. d4 cxd4 7. Qxd4 Rc8
8. Nc3 e5 9. Qd3 h6 10. a4 Nf6 11. Nd2 Qc7 12. Re1 Be7 13. Nf1 O-O 14. Ne3 Be6
15. Ncd5 Nxd5 16. Nxd5 Bxd5 17. Qxd5 Qc6 18. Qxc6 bxc6 19. c3 c5 20. b4 cxb4
21. cxb4 d5 22. exd5 Bxb4 23. Rd1 Rfd8 24. Rb1 a5 25. Bd2 Rxd5 26. Bxb4 Rxd1+
27. Rxd1 axb4 28. Rb1 b3 29. Kf1 Ra8 30. Rxb3 Rxa4 31. Ke2 h5 32. g3 h4 33. Kf3
Kh7 34. Kg2 Kg6 35. Kh3 Ra2 36. Rf3 f5 37. gxh4 e4 38. Rg3+ Kf6 39. f3 e3 40.
f4 e2 41. Rg1 Ra4 42. Kg3 Re4 43. Re1 Ke6 44. Kf3 Kd5 45. Rxe2 Rxe2 46. Kxe2
Ke4 47. h5 Kxf4 48. h6 gxh6 49. Kf2 Kg4 50. Ke3 f4+ 51. Kf2 Kf5 52. Kf3 Ke5 53.
Kf2 Ke4 54. Ke2 f3+ 55. Kf2 Kf4 56. Kf1 Ke3 57. Ke1 h5 58. Kf1 h4 59. Ke1 f2+
60. Kf1 Kf3 0-1

[Event "48th Continental Open"]
[Site "Sturbridge, MA"]
[Date "2018.08.16"]
[Round "2.5"]
[White "Matsenko, Sergei"]
[Black "Graif, William"]
[Result "1/2-1/2"]
[WhiteElo "2533"]
[BlackElo "2123"]
[PlyCount "68"]
[EventDate "2018.08.??"]
[EventType "swiss"]
[EventRounds "9"]
[EventCountry "USA"]
[TimeControl "6000+10"]
[WhiteClock "0:43:56"]
[BlackClock "0:00:45"]

1. d4 {[%emt 0:00:10]} Nf6 {[%emt 0:00:21]} 2. c4 {[%emt 0:00:11]} e6 {[%emt 0:
00:11]} 3. Nc3 {[%emt 0:01:02]} Bb4 {[%emt 0:00:11]} 4. e3 {[%emt 0:01:47]} O-O
{[%emt 0:00:12]} 5. Bd3 {[%emt 0:00:11]} d5 {[%emt 0:00:11]} 6. Nge2 {[%emt 0:
00:11]} c5 {[%emt 0:09:22]} 7. cxd5 {[%emt 0:00:10]} cxd4 {[%emt 0:00:34]} 8.
exd4 {[%emt 0:00:11]} Nxd5 {[%emt 0:01:49]} 9. O-O {[%emt 0:00:11]} Nc6 {
[%emt 0:05:47]} 10. Nxd5 {[%emt 0:00:11]} Qxd5 {[%emt 0:18:37]} 11. Qc2 {
[%emt 0:00:44]} h6 {[%emt 0:06:40]} 12. Rd1 {[%emt 0:00:34]} Bd6 {[%emt 0:06:
42]} 13. a3 {[%emt 0:12:59]} Rd8 {[%emt 0:21:47]} 14. Be4 {[%emt 0:00:13]} Qh5
{[%emt 0:00:11]} 15. h3 {[%emt 0:00:10]} Bd7 {[%emt 0:03:31]} 16. d5 {[%emt 0:
20:30]} Na5 {[%emt 0:00:11]} 17. Bf3 {[%emt 0:05:23]} Qh4 {[%emt 0:07:32]} 18.
Qc3 {[%emt 0:09:43]} Qa4 {[%emt 0:00:11]} 19. Rd4 {[%emt 0:00:11]} Qb5 {
[%emt 0:05:26]} 20. a4 {[%emt 0:04:36]} Qc5 {[%emt 0:08:01]} 21. Qd3 {[%emt 0:
00:10]} e5 {[%emt 0:00:10]} 22. b4 {[%emt 0:00:11]} Qc7 {[%emt 0:00:00]} 23.
Rh4 {[%emt 0:00:11]} Be7 {[%emt 0:00:00]} 24. Re4 {[%emt 0:00:11]} f5 {[%emt 0:
00:00]} 25. bxa5 {[%emt 0:00:10]} fxe4 {[%emt 0:00:00]} 26. Qxe4 {[%emt 0:00:
11]} Qxa5 {[%emt 0:00:00]} 27. Bxh6 {[%emt 0:00:11]} Qa6 {[%emt 0:06:17]} 28.
Be3 {[%emt 0:00:11]} Rac8 {[%emt 0:00:11]} 29. d6 {[%emt 0:00:10]} Bc6 30. Qxe5
Bxd6 31. Qe6+ Kh8 32. Bd4 Bf8 33. Qh6+ Kg8 34. Qe6+ Kh8 1/2-1/2

[Event "48th Continental Open"]
[Site "Sturbridge, MA"]
[Date "2018.08.16"]
[Round "2.6"]
[White "Torres, Yelfry"]
[Black "Gorovets, Andrey"]
[Result "0-1"]
[WhiteElo "2120"]
[BlackElo "2495"]
[PlyCount "54"]
[EventDate "2018.08.??"]
[EventType "swiss"]
[EventRounds "9"]
[EventCountry "USA"]

1. c4 e5 2. Nc3 Bb4 3. g3 Bxc3 4. bxc3 d6 5. Bg2 Nc6 6. d3 Nge7 7. Nf3 O-O 8.
O-O f5 9. Bg5 h6 10. Bxe7 Qxe7 11. Ne1 f4 12. Nc2 Bg4 13. Rb1 Nd8 14. h3 Bd7
15. Bd5+ Be6 16. Kg2 c6 17. Bxe6+ Nxe6 18. Rh1 Rf6 19. Ne1 fxg3 20. fxg3 e4 21.
e3 Raf8 22. Rb2 Qf7 23. Qe2 Nc5 24. d4 Na4 25. Rc2 Nxc3 26. Qd2 Nb1 27. Qe2 Na3
0-1

[Event "48th Continental Open"]
[Site "Sturbridge, MA"]
[Date "2018.08.16"]
[Round "2.7"]
[White "Chen, Jacob"]
[Black "Mulyar, Michael"]
[Result "0-1"]
[WhiteElo "2084"]
[BlackElo "2374"]
[PlyCount "118"]
[EventDate "2018.08.??"]
[EventType "swiss"]
[EventRounds "9"]
[EventCountry "USA"]
[TimeControl "6000+10"]
[WhiteClock "0:03:34"]
[BlackClock "0:43:59"]

1. e4 {[%emt 0:00:10]} e5 {[%emt 0:00:28]} 2. Nf3 {[%emt 0:00:21]} Nc6 {
[%emt 0:00:19]} 3. c3 {[%emt 0:00:18]} Nf6 {[%emt 0:03:01]} 4. d4 {[%emt 0:01:
25]} Nxe4 {[%emt 0:00:21]} 5. d5 {[%emt 0:00:11]} Ne7 {[%emt 0:00:21]} 6. Nxe5
{[%emt 0:00:30]} Ng6 {[%emt 0:00:19]} 7. Qd4 {[%emt 0:01:05]} Qe7 {[%emt 0:02:
45]} 8. Qxe4 {[%emt 0:01:27]} Qxe5 {[%emt 0:00:20]} 9. Qxe5+ {[%emt 0:10:03]}
Nxe5 {[%emt 0:00:16]} 10. Bf4 {[%emt 0:01:12]} d6 {[%emt 0:00:19]} 11. Na3 {
[%emt 0:02:04]} Bf5 {[%emt 0:00:35]} 12. O-O-O {[%emt 0:03:01]} O-O-O {[%emt 0:
00:41]} 13. Nc4 {[%emt 0:04:30]} Nxc4 {[%emt 0:05:15]} 14. Bxc4 {[%emt 0:00:56]
} Be7 {[%emt 0:00:15]} 15. Bd3 {[%emt 0:02:22]} Bxd3 {[%emt 0:00:33]} 16. Rxd3
{[%emt 0:00:11]} Bf6 {[%emt 0:00:16]} 17. Re1 {[%emt 0:01:22]} Rde8 {[%emt 0:
01:26]} 18. Rxe8+ {[%emt 0:01:47]} Rxe8 {[%emt 0:00:16]} 19. Re3 {[%emt 0:00:
14]} Be5 {[%emt 0:07:59]} 20. Bxe5 {[%emt 0:01:29]} dxe5 {[%emt 0:00:41]} 21.
c4 {[%emt 0:02:20]} Kd7 {[%emt 0:00:19]} 22. Kd2 {[%emt 0:02:13]} Kd6 {[%emt 0:
00:28]} 23. Kc3 {[%emt 0:06:57]} f5 {[%emt 0:01:34]} 24. b3 {[%emt 0:10:03]} a6
{[%emt 0:01:00]} 25. a3 {[%emt 0:15:26]} g6 {[%emt 0:01:19]} 26. Rh3 {[%emt 0:
02:52]} Re7 {[%emt 0:01:30]} 27. Rh6 {[%emt 0:01:00]} e4 {[%emt 0:00:39]} 28.
Kd4 {[%emt 0:00:47]} c5+ {[%emt 0:01:05]} 29. Ke3 {[%emt 0:02:12]} Ke5 {
[%emt 0:00:29]} 30. Rh4 {[%emt 0:11:34]} b5 {[%emt 0:01:43]} 31. f4+ {[%emt 0:
04:56]} Kf6 {[%emt 0:00:51]} 32. Kd2 {[%emt 0:05:13]} bxc4 {[%emt 0:03:10]} 33.
bxc4 {[%emt 0:00:10]} Rb7 {[%emt 0:00:20]} 34. Kc2 {[%emt 0:00:50]} e3 {
[%emt 0:02:21]} 35. Rh3 {[%emt 0:01:08]} Re7 {[%emt 0:00:53]} 36. Kd1 {[%emt 0:
00:23]} Re4 {[%emt 0:00:20]} 37. Ke2 {[%emt 0:01:58]} Rxc4 {[%emt 0:02:39]} 38.
Rxe3 {[%emt 0:00:48]} Rxf4 {[%emt 0:01:38]} 39. Re6+ {[%emt 0:00:57]} Kg5 {
[%emt 0:00:18]} 40. Rxa6 {[%emt 0:00:02]} Re4+ {[%emt 0:00:25]} 41. Kf3 {
[%emt 0:00:00]} Rd4 {[%emt 0:00:21]} 42. d6 {[%emt 0:00:00]} Kf6 {[%emt 0:01:
32]} 43. Rc6 {[%emt 0:00:00]} Rc4 {[%emt 0:07:36]} 44. d7+ {[%emt 0:00:51]} Ke7
{[%emt 0:00:14]} 45. Rd6 {[%emt 0:00:00]} Kd8 {[%emt 0:00:15]} 46. Ke3 {
[%emt 0:00:00]} Rc3+ {[%emt 0:02:59]} 47. Rd3 {[%emt 0:00:00]} Rxd3+ {[%emt 0:
00:14]} 48. Kxd3 {[%emt 0:00:05]} Kxd7 {[%emt 0:00:14]} 49. Kc4 {[%emt 0:00:00]
} Kc6 {[%emt 0:00:14]} 50. h4 {[%emt 0:00:00]} h6 {[%emt 0:00:15]} 51. a4 {
[%emt 0:00:00]} g5 {[%emt 0:00:14]} 52. hxg5 {[%emt 0:00:00]} hxg5 {[%emt 0:00:
14]} 53. g3 {[%emt 0:00:00]} f4 {[%emt 0:00:41]} 54. gxf4 {[%emt 0:00:00]} gxf4
{[%emt 0:00:14]} 55. a5 {[%emt 0:00:00]} f3 {[%emt 0:00:18]} 56. Kd3 {[%emt 0:
00:00]} Kb5 {[%emt 0:00:18]} 57. Ke3 {[%emt 0:00:00]} Kxa5 {[%emt 0:00:14]} 58.
Kxf3 {[%emt 0:00:00]} Kb4 {[%emt 0:00:13]} 59. Ke3 {[%emt 0:00:00]} Kc3 {
[%emt 0:00:14]} 0-1

[Event "48th Continental Open"]
[Site "Sturbridge, MA"]
[Date "2018.08.16"]
[Round "2.10"]
[White "Kim, Yoon-Young"]
[Black "Riddell, Connor"]
[Result "1-0"]
[WhiteElo "2360"]
[BlackElo "1716"]
[PlyCount "43"]
[EventDate "2018.08.??"]
[EventType "swiss"]
[EventRounds "9"]
[EventCountry "USA"]
[TimeControl "6000+10"]
[WhiteClock "1:05:34"]
[BlackClock "1:24:16"]

1. d4 {[%emt 0:00:10]} Nf6 {[%emt 0:00:25]} 2. c4 {[%emt 0:00:28]} c5 {[%emt 0:
00:15]} 3. d5 {[%emt 0:01:11]} e5 {[%emt 0:00:14]} 4. Nc3 {[%emt 0:00:23]} d6 {
[%emt 0:00:29]} 5. g3 {[%emt 0:00:11]} Be7 {[%emt 0:00:13]} 6. Bg2 {[%emt 0:00:
31]} O-O {[%emt 0:00:14]} 7. e4 {[%emt 0:00:38]} Ne8 {[%emt 0:00:14]} 8. h4 {
[%emt 0:04:40]} f5 {[%emt 0:03:09]} 9. exf5 {[%emt 0:03:13]} Bxf5 {[%emt 0:00:
54]} 10. Bh3 {[%emt 0:03:01]} g6 {[%emt 0:04:00]} 11. h5 {[%emt 0:06:06]} Bg5 {
[%emt 0:00:39]} 12. hxg6 {[%emt 0:01:40]} hxg6 {[%emt 0:00:19]} 13. Bxf5 {
[%emt 0:01:05]} Rxf5 {[%emt 0:00:22]} 14. Ne4 {[%emt 0:05:42]} Bxc1 {[%emt 0:
03:08]} 15. Qxc1 {[%emt 0:00:34]} Qe7 {[%emt 0:00:17]} 16. Ne2 {[%emt 0:01:59]}
Nd7 {[%emt 0:01:20]} 17. g4 {[%emt 0:01:33]} Rf7 {[%emt 0:00:40]} 18. Qh6 {
[%emt 0:01:16]} Rg7 {[%emt 0:00:18]} 19. Ng5 {[%emt 0:01:11]} Kf8 {[%emt 0:01:
36]} 20. Qh8+ {[%emt 0:01:30]} Rg8 {[%emt 0:00:14]} 21. Ne6+ {[%emt 0:00:30]}
Kf7 {[%emt 0:00:24]} 22. Rh7+ {[%emt 0:00:34]} 1-0

[Event "48th Continental Open"]
[Site "Sturbridge, MA"]
[Date "2018.08.16"]
[Round "2.11"]
[White "Procyk, Marijan"]
[Black "Mishra, Abhimanyu"]
[Result "0-1"]
[WhiteElo "1940"]
[BlackElo "2166"]
[PlyCount "118"]
[EventDate "2018.08.??"]
[EventType "swiss"]
[EventRounds "9"]
[EventCountry "USA"]
[TimeControl "6000+10"]
[WhiteClock "0:08:12"]
[BlackClock "0:01:10"]

1. d4 {[%emt 0:00:10]} d5 2. c4 {[%emt 0:00:23]} e6 {[%emt 0:00:37]} 3. Nc3 {
[%emt 0:00:22]} Nf6 {[%emt 0:00:25]} 4. cxd5 {[%emt 0:01:08]} exd5 {[%emt 0:00:
13]} 5. Bg5 {[%emt 0:00:32]} c6 {[%emt 0:01:44]} 6. e3 {[%emt 0:03:49]} Be7 {
[%emt 0:00:16]} 7. Bd3 {[%emt 0:01:49]} Nbd7 {[%emt 0:00:54]} 8. Nf3 {[%emt 0:
01:03]} h6 {[%emt 0:02:07]} 9. Bh4 {[%emt 0:03:17]} Nh5 {[%emt 0:01:09]} 10.
Bg3 {[%emt 0:02:09]} Nxg3 {[%emt 0:07:35]} 11. hxg3 {[%emt 0:01:00]} Nb6 {
[%emt 0:06:15]} 12. Qc2 {[%emt 0:01:01]} Bd6 {[%emt 0:07:47]} 13. O-O-O {
[%emt 0:15:10]} Qc7 {[%emt 0:04:33]} 14. Kb1 {[%emt 0:00:52]} Bd7 {[%emt 0:08:
01]} 15. Rc1 {[%emt 0:02:22]} O-O-O {[%emt 0:07:06]} 16. Qb3 {[%emt 0:03:37]}
Be6 {[%emt 0:08:13]} 17. Nb5 {[%emt 0:01:39]} Qb8 {[%emt 0:00:41]} 18. Nxd6+ {
[%emt 0:01:06]} Qxd6 {[%emt 0:00:47]} 19. Ne5 {[%emt 0:02:15]} f6 {[%emt 0:02:
39]} 20. Ng6 {[%emt 0:01:05]} Rhe8 {[%emt 0:00:51]} 21. Nf4 {[%emt 0:00:26]}
Bf7 {[%emt 0:05:30]} 22. Rc2 {[%emt 0:06:02]} Kb8 {[%emt 0:10:02]} 23. Bg6 {
[%emt 0:01:32]} Bxg6 {[%emt 0:05:01]} 24. Nxg6 {[%emt 0:00:17]} Nc4 {[%emt 0:
01:40]} 25. Nf4 {[%emt 0:03:23]} Rd7 {[%emt 0:05:40]} 26. Rhc1 {[%emt 0:03:09]}
Rde7 {[%emt 0:02:40]} 27. Nd3 {[%emt 0:01:38]} Ka8 {[%emt 0:01:52]} 28. Nc5 {
[%emt 0:01:02]} f5 {[%emt 0:01:40]} 29. Qd3 {[%emt 0:02:32]} Qf6 {[%emt 0:01:
26]} 30. Rc3 {[%emt 0:00:44]} g5 {[%emt 0:01:53]} 31. b3 {[%emt 0:00:29]} Nd6 {
[%emt 0:01:55]} 32. Nxb7 {[%emt 0:02:50]} Rxb7 {[%emt 0:01:04]} 33. Rxc6 {
[%emt 0:00:27]} Qd8 {[%emt 0:01:06]} 34. Qa6 {[%emt 0:01:56]} Rb6 {[%emt 0:01:
18]} 35. Qa4 {[%emt 0:00:23]} Qd7 {[%emt 0:00:55]} 36. Rxb6 {[%emt 0:08:21]}
Qxa4 {[%emt 0:00:11]} 37. Rxd6 {[%emt 0:00:11]} Qa5 {[%emt 0:00:03]} 38. Rxh6 {
[%emt 0:00:44]} Qd2 {[%emt 0:00:39]} 39. Rc2 {[%emt 0:00:21]} Qd3 {[%emt 0:00:
01]} 40. Kb2 {[%emt 0:00:28]} f4 {[%emt 0:00:01]} 41. gxf4 {[%emt 0:01:25]}
gxf4 {[%emt 0:00:00]} 42. Rc3 {[%emt 0:01:01]} Qf1 {[%emt 0:00:00]} 43. Rc2 {
[%emt 0:01:12]} Qxg2 {[%emt 0:00:00]} 44. Rf6 {[%emt 0:00:48]} fxe3 {[%emt 0:
00:22]} 45. fxe3 {[%emt 0:00:16]} Qg5 {[%emt 0:00:22]} 46. Rf4 {[%emt 0:01:35]}
Rxe3 {[%emt 0:00:00]} 47. Rf8+ {[%emt 0:01:31]} Kb7 {[%emt 0:00:00]} 48. Rf7+ {
[%emt 0:03:01]} Re7 {[%emt 0:00:22]} 49. Rf3 {[%emt 0:00:27]} Qg4 {[%emt 0:00:
00]} 50. Rd3 {[%emt 0:00:17]} Re2 {[%emt 0:00:26]} 51. Rdd2 {[%emt 0:00:26]}
Rxd2 {[%emt 0:00:00]} 52. Rxd2 {[%emt 0:00:17]} Kc6 {[%emt 0:00:41]} 53. Kc3 {
[%emt 0:00:11]} Qg1 {[%emt 0:00:00]} 54. Kd3 {[%emt 0:00:48]} Kb5 {[%emt 0:00:
26]} 55. Kc3 {[%emt 0:02:22]} Qe3+ {[%emt 0:00:00]} 56. Kc2 {[%emt 0:00:11]}
Kb4 {[%emt 0:00:00]} 57. Rd3 {[%emt 0:03:09]} Qe4 {[%emt 0:00:00]} 58. a4 {
[%emt 0:00:21]} a5 {[%emt 0:00:00]} 59. Kd2 {[%emt 0:00:36]} Qxd3+ {[%emt 0:00:
00]} 0-1

[Event "48th Continental Open"]
[Site "Sturbridge, MA"]
[Date "2018.08.16"]
[Round "2.12"]
[White "Falcao, Wesley"]
[Black "Ramanathan, Suraj"]
[Result "1/2-1/2"]
[WhiteElo "2148"]
[BlackElo "1961"]
[PlyCount "62"]
[EventDate "2018.08.??"]
[EventType "swiss"]
[EventRounds "9"]
[EventCountry "USA"]
[TimeControl "6000+10"]
[WhiteClock "0:05:21"]
[BlackClock "0:37:31"]

1. c4 {[%emt 0:00:10]} Nf6 {[%emt 0:00:23]} 2. g3 {[%emt 0:00:38]} g6 {[%emt 0:
00:17]} 3. Bg2 {[%emt 0:00:16]} Bg7 {[%emt 0:00:13]} 4. Nc3 {[%emt 0:00:31]}
O-O {[%emt 0:00:15]} 5. Rb1 {[%emt 0:00:27]} d6 {[%emt 0:02:49]} 6. b4 {
[%emt 0:00:19]} e5 {[%emt 0:00:47]} 7. e3 {[%emt 0:01:00]} Re8 {[%emt 0:00:54]}
8. d3 {[%emt 0:01:03]} c6 {[%emt 0:00:46]} 9. b5 {[%emt 0:02:29]} d5 {[%emt 0:
01:48]} 10. bxc6 {[%emt 0:01:20]} bxc6 {[%emt 0:00:34]} 11. cxd5 {[%emt 0:03:
21]} cxd5 {[%emt 0:00:25]} 12. Nge2 {[%emt 0:01:53]} Be6 {[%emt 0:02:09]} 13.
O-O {[%emt 0:00:26]} Nc6 {[%emt 0:02:08]} 14. Qa4 {[%emt 0:01:32]} Qd7 {
[%emt 0:01:08]} 15. d4 {[%emt 0:04:37]} exd4 {[%emt 0:09:48]} 16. exd4 {
[%emt 0:00:11]} Bf5 {[%emt 0:00:13]} 17. Rb2 {[%emt 0:01:43]} Rac8 {[%emt 0:01:
45]} 18. Rd1 {[%emt 0:13:08]} Ne4 {[%emt 0:06:00]} 19. Nxe4 {[%emt 0:09:37]}
Bxe4 {[%emt 0:00:42]} 20. Be3 {[%emt 0:05:25]} Bxg2 {[%emt 0:02:23]} 21. Kxg2 {
[%emt 0:00:11]} Qe6 {[%emt 0:04:28]} 22. Rb3 {[%emt 0:17:11]} Qe4+ {[%emt 0:01:
03]} 23. f3 {[%emt 0:00:11]} Qc2 {[%emt 0:01:27]} 24. Rd2 {[%emt 0:05:44]} Qxd2
{[%emt 0:00:52]} 25. Bxd2 {[%emt 0:00:15]} Rxe2+ {[%emt 0:00:12]} 26. Kh3 {
[%emt 0:04:47]} Rxd2 {[%emt 0:03:22]} 27. Rc3 {[%emt 0:01:37]} Bxd4 {[%emt 0:
09:08]} 28. Rxc6 {[%emt 0:01:38]} Rb8 {[%emt 0:05:32]} 29. Rc2 {[%emt 0:15:54]}
Rxc2 {[%emt 0:04:16]} 30. Qxc2 {[%emt 0:00:11]} Rb2 {[%emt 0:00:45]} 31. Qa4 {
[%emt 0:02:04]} Rd2 {[%emt 0:01:17]} 1/2-1/2

[Event "48th Continental Open"]
[Site "Sturbridge, MA"]
[Date "2018.08.16"]
[Round "2.13"]
[White "Tang, Jason"]
[Black "Tanenbaum, Zachary"]
[Result "1/2-1/2"]
[WhiteElo "1908"]
[BlackElo "2133"]
[PlyCount "162"]
[EventDate "2018.08.??"]
[EventType "swiss"]
[EventRounds "9"]
[EventCountry "USA"]

1. e4 e5 2. Nf3 Nc6 3. Bb5 a6 4. Ba4 d6 5. c3 Nf6 6. d4 b5 7. Bb3 Be7 8. O-O
O-O 9. h3 Bb7 10. Nbd2 h6 11. Re1 Nh7 12. Nf1 Ng5 13. N1h2 Nxf3+ 14. Nxf3 Bf6
15. a4 Ne7 16. Nh2 Ng6 17. Qh5 Kh7 18. Ng4 Bg5 19. dxe5 dxe5 20. Bxg5 Qxg5 21.
Qxg5 hxg5 22. axb5 axb5 23. Rad1 Bc6 24. Bd5 Bxd5 25. Rxd5 c6 26. Rc5 Ra2 27.
Rb1 Rd8 28. Nxe5 Nxe5 29. Rxe5 f6 30. Rc5 Rd2 31. Rxc6 Raxb2 32. Rxb2 Rxb2 33.
Rb6 Rb3 34. f3 Rxc3 35. Rxb5 Rc2 36. Rb1 Kg6 37. Rf1 Re2 38. Rf2 Re1+ 39. Kh2
Re3 40. Ra2 Re1 41. Kg3 Re3 42. h4 gxh4+ 43. Kxh4 Re1 44. Kg4 Re3 45. Kf4 Rb3
46. Ra5 Rb2 47. g3 Rb3 48. Kg4 Rb4 49. Kf4 Rb3 50. Ra4 Rb5 51. Rd4 Ra5 52. Ke3
Ra3+ 53. Rd3 Ra1 54. f4 Rb1 55. Kf3 Re1 56. Re3 Rf1+ 57. Kg4 Ra1 58. Rd3 Re1
59. Rd4 Re3 60. f5+ Kf7 61. Kf4 Re1 62. Rd7+ Kf8 63. Rd3 Kf7 64. Ra3 Rf1+ 65.
Kg4 Re1 66. Ra4 Re3 67. Kf4 Re1 68. Ra7+ Kf8 69. Ra3 Kf7 70. g4 Rf1+ 71. Rf3
Re1 72. Rg3 Rf1+ 73. Ke3 Re1+ 74. Kf3 g6 75. Rg2 Kg7 76. g5 gxf5 77. exf5 fxg5
78. Rxg5+ Kf6 79. Rh5 Rf1+ 80. Ke4 Re1+ 81. Kd3 Re5 1/2-1/2

[Event "48th Continental Open"]
[Site "Sturbridge, MA"]
[Date "2018.08.16"]
[Round "2.15"]
[White "Markzon, Gregory"]
[Black "Yu, Alex"]
[Result "1/2-1/2"]
[WhiteElo "2114"]
[BlackElo "1852"]
[PlyCount "41"]
[EventDate "2018.08.??"]
[EventType "swiss"]
[EventRounds "9"]
[EventCountry "USA"]

1. d4 Nf6 2. c4 g6 3. Nc3 Bg7 4. e4 d6 5. Be2 O-O 6. Be3 e5 7. d5 a5 8. g4 Na6
9. g5 Nd7 10. h4 Nac5 11. h5 Qe7 12. Qd2 f5 13. gxf6 Nxf6 14. hxg6 hxg6 15. Bf3
Bg4 16. Bg2 Nh5 17. f3 Bd7 18. O-O-O Nf4 19. Bf1 Rf7 20. Kb1 Bf6 21. Nce2
1/2-1/2

[Event "48th Continental Open"]
[Site "Sturbridge, MA"]
[Date "2018.08.16"]
[Round "2.16"]
[White "Meyer, Evan"]
[Black "Luo, Ryan"]
[Result "1-0"]
[WhiteElo "2080"]
[BlackElo "1805"]
[PlyCount "45"]
[EventDate "2018.08.??"]
[EventType "swiss"]
[EventRounds "9"]
[EventCountry "USA"]

1. e4 c6 2. c4 d5 3. cxd5 cxd5 4. exd5 Nf6 5. Nf3 Nxd5 6. Be2 Nc6 7. d4 Bg4 8.
O-O e6 9. Qb3 Qb6 10. Nc3 Qxb3 11. axb3 O-O-O 12. Nxd5 exd5 13. Be3 Kb8 14. h3
Bh5 15. g4 Bg6 16. Ne5 Nb4 17. Bf4 Bd6 18. Ra4 Nc6 19. Rfa1 Nxe5 20. dxe5 Bc5
21. b4 Bb6 22. e6+ Ka8 23. Bc7 1-0

[Event "48th Continental Open"]
[Site "Sturbridge, MA"]
[Date "2018.08.16"]
[Round "2.17"]
[White "Barash, Anton"]
[Black "Luo, Terry"]
[Result "1/2-1/2"]
[WhiteElo "1972"]
[BlackElo "1793"]
[PlyCount "71"]
[EventDate "2018.08.??"]
[EventType "swiss"]
[EventRounds "9"]
[EventCountry "USA"]

1. e4 e5 2. Nc3 Nf6 3. f4 d5 4. fxe5 Nxe4 5. Nf3 Bf5 6. d4 Bb4 7. Bd2 Nxd2 8.
Qxd2 O-O 9. Bd3 Bxd3 10. Qxd3 Nd7 11. O-O Bxc3 12. bxc3 c5 13. Qf5 Qe7 14. Rae1
cxd4 15. cxd4 Qe6 16. Qd3 h6 17. Nh4 g6 18. Re3 Rac8 19. Ref3 Kg7 20. Rg3 Kh7
21. Rgf3 Kg7 22. h3 Rc4 23. Rf6 Nxf6 24. Rxf6 Qe8 25. Nf5+ gxf5 26. Qg3+ Kh7
27. Qh4 Rc6 28. Qxh6+ Kg8 29. Qg5+ Kh8 30. Qh6+ Kg8 31. h4 Qd8 32. h5 Qb6 33.
Qg5+ Kh8 34. Qh6+ Kg8 35. Qg5+ Kh8 36. Qh6+ 1/2-1/2

[Event "48th Continental Open"]
[Site "Sturbridge, MA"]
[Date "2018.08.16"]
[Round "2.18"]
[White "Belous, Nicholas"]
[Black "Taylor, Steven"]
[Result "0-1"]
[WhiteElo "1852"]
[BlackElo "2081"]
[Annotator "Hater,David"]
[PlyCount "61"]
[EventDate "2018.08.??"]
[EventType "swiss"]
[EventRounds "9"]
[EventCountry "USA"]

1. e4 c5 2. Nc3 Nc6 3. f4 g6 4. Nf3 Bg7 5. Bb5 Nd4 6. Bd3 d6 7. Nxd4 cxd4 8.
Ne2 Nf6 9. c3 dxc3 10. dxc3 O-O 11. O-O b5 12. Nd4 b4 13. f5 Bb7 14. Qe1 bxc3
15. bxc3 Rc8 16. Bd2 Nd7 17. Qh4 Bf6 18. Qg3 Qa5 19. fxg6 Bxd4+ 20. cxd4 Qxd2
21. gxf7+ Kh8 22. e5 Rc3 23. Rad1 Qh6 24. Rf4 dxe5 25. Rh4 Qg7 26. Qxg7+ Kxg7
27. Rxh7+ Kf6 28. Rf1+ Ke6 29. Bf5+ Kd6 30. Bg6 exd4 31. Rh4 {[%emt 0:00:46]
Remaining moves illegible.} 0-1